000 00428nam a2200157Ia 4500
003 GCL
008 140319s9999 xx 000 0 eng d
040 _aGCL /
_cGCL
082 0 4 _aCC
_b069.53
_bA B
245 1 0 _aA SCIENCE MUSEUM FOR ALEXANDRIA
260 _aالقاهرة :
_bBIBLIOTHECA ALEXANDRINE
300 _a11 P
_bQ ؛
_c32 cm.
650 0 4 _aMUSEUM - SCIENCE
650 0 4 _aALEXANDRIA ( EGYPT ) - IN ART
942 _2ddc
_cBK
999 _c5772
_d5772